000 00474 a2200157 4500
020 _a817648962X
040 _aDLC
_bDLC
082 _a001.3072
100 _aSingh, Yogesh Kumar
245 _aResearch Methodology
_cSingh, Yogesh Kumar
260 _aNew Delhi:
_bAPH Publishing Corporation,
_c2005.
300 _avi, 266 p. ;
_c24 cm.
500 _aIncludes Index
650 _a1.Research Methodology.2.Report Writing.3.Information retrieval.
942 _cBK
_k001.3072 SIN
_2ddc
999 _c9640
_d9640